Embedded software primer (Record no. 176325)
[ view plain ]
| 000 -LEADER | |
|---|---|
| fixed length control field | 00392nam a2200157Ia 4500 |
| 008 - FIXED-LENGTH DATA ELEMENTS--GENERAL INFORMATION | |
| fixed length control field | 231217s9999 xx 000 0 und d |
| 041 ## - LANGUAGE CODE | |
| Language code of text/sound track or separate title | English |
| 082 ## - DEWEY DECIMAL CLASSIFICATION NUMBER | |
| Classification number | 621.38195 SIM |
| 100 ## - MAIN ENTRY--PERSONAL NAME | |
| Personal name | Simon, David E |
| 245 #0 - TITLE STATEMENT | |
| Title | Embedded software primer |
| 260 ## - PUBLICATION, DISTRIBUTION, ETC. | |
| Date of publication, distribution, etc. | 1999 |
| Name of publisher, distributor, etc. | Pearson Education, |
| Place of publication, distribution, etc. | Delhi |
| 300 ## - PHYSICAL DESCRIPTION | |
| Extent | xix+424 |
| 300 ## - PHYSICAL DESCRIPTION | |
| Dimensions | CD2345 |
| 650 ## - SUBJECT ADDED ENTRY--TOPICAL TERM | |
| Topical term or geographic name entry element | Embedded,software,primer |
| 942 ## - ADDED ENTRY ELEMENTS (KOHA) | |
| Koha item type | Books |
| Date last seen | Total checkouts | Full call number | Accession number | Cost, total (INR) price | Price effective from | Category | Lost status | Damaged status | Department | Withdrawn status | Home library | Current library | Shelving location | Entry date | Vendor | Cost, normal purchase price | Grants | Billnumber | Billdate | Currency symbol | Conversion rate | Discount | Old discount |
|---|---|---|---|---|---|---|---|---|---|---|---|---|---|---|---|---|---|---|---|---|---|---|---|
| 26/01/2024 | 621.38195 SIM | 38290 | 288.00 | 26/01/2024 | Books | TC | Central Library | Central Library | TC | 24/10/2005 | Tata Book House | 360.00 | TC | 1469 | 03/10/2008 | RS | 1 | 72 | 20 | ||||
| 26/01/2024 | 621.38195 SIM | 38526 | 288.00 | 26/01/2024 | Books | CS | Central Library | Central Library | CS | 12/11/2005 | Sapna Book House | 360.00 | CS/PG | 6 | 08/09/2004 | RS | 1 | 72 | 20 | ||||
| 26/01/2024 | 621.38195 SIM | 38527 | 288.00 | 26/01/2024 | Books | CS | Central Library | Central Library | CS | 12/11/2005 | Sapna Book House | 360.00 | CS/PG | 6 | 08/09/2004 | RS | 1 | 72 | 20 |
